Manual de auditoría de los sistemas de gestión / (Registro nro. 4852)
[ vista simple ]
| 000 -LEADER | |
|---|---|
| fixed length control field | 01343nam a2200277Ia 4500 |
| 003 - CONTROL NUMBER IDENTIFIER | |
| control field | OSt |
| 005 - DATE AND TIME OF LATEST TRANSACTION | |
| control field | 20201029142010.0 |
| 008 - FIXED-LENGTH DATA ELEMENTS--GENERAL INFORMATION | |
| fixed length control field | 191128s2010 sp gr 000 0 spa d |
| 020 ## - INTERNATIONAL STANDARD BOOK NUMBER | |
| International Standard Book Number | 9788481436549 |
| 040 ## - CATALOGING SOURCE | |
| Original cataloging agency | CO-JMCR |
| Transcribing agency | CO-JMCR |
| 041 1# - LANGUAGE CODE | |
| Language code of text/sound track or separate title | spa |
| Language code of original | fre |
| 082 04 - DEWEY DECIMAL CLASSIFICATION NUMBER | |
| Classification number | 658.5 / |
| Item number | J656m |
| Edition number | 23 |
| 100 1# - MAIN ENTRY--PERSONAL NAME | |
| Personal name | Jonquières, Michel, |
| Relator term | autor |
| 9 (RLIN) | 12218 |
| 245 10 - TITLE STATEMENT | |
| Title | Manual de auditoría de los sistemas de gestión / |
| Statement of responsibility, etc. | Michel Jonquières |
| 250 ## - EDITION STATEMENT | |
| Edition statement | 2a. edición |
| 260 ## - PUBLICATION, DISTRIBUTION, ETC. | |
| Place of publication, distribution, etc. | Madrid : |
| Name of publisher, distributor, etc. | Aenor, |
| Date of publication, distribution, etc. | 2010 |
| 300 ## - PHYSICAL DESCRIPTION | |
| Extent | 126 páginas ; |
| Dimensions | 25 cm. |
| 505 0# - FORMATTED CONTENTS NOTE | |
| Formatted contents note | Cuestiones generales relativas a la auditoria de los sistemas de gestión -- Auditoria interna (auditoria de primera parte) -- Auditoria de segunda o tercera parte (auditoria de certificación) -- Auditores -- Auditados -- Perspectivas |
| 520 3# - SUMMARY, ETC. | |
| Summary, etc. | Tanto en el caso de una auditoría de certificación como en una auditoría interna, el concepto "auditoría" va de la mano con los de calidad y mejora continua. Sin embargo, hoy día sigue habiendo responsables y directores que lo ven más como un examen para |
| 534 ## - ORIGINAL VERSION NOTE | |
| Introductory phrase | Manuel de l'audit des systèmes de management: à l'usage des auditeurs et des audités |
| 546 ## - LANGUAGE NOTE | |
| Language note | Traducido del francés |
| 650 14 - SUBJECT ADDED ENTRY--TOPICAL TERM | |
| Topical term or geographic name entry element | Control de gestión |
| 9 (RLIN) | 11355 |
| 650 14 - SUBJECT ADDED ENTRY--TOPICAL TERM | |
| Topical term or geographic name entry element | Auditoría |
| 9 (RLIN) | 11306 |
| 650 24 - SUBJECT ADDED ENTRY--TOPICAL TERM | |
| Topical term or geographic name entry element | Gestión de empresas |
| 9 (RLIN) | 12219 |
| 942 ## - ADDED ENTRY ELEMENTS (KOHA) | |
| Source of classification or shelving scheme | Dewey Decimal Classification |
| Koha item type | Books |
| Withdrawn status | Lost status | Source of classification or shelving scheme | Damaged status | Not for loan | Collection code | Home library | Current library | Date acquired | Source of acquisition | Full call number | Barcode | Date last seen | Copy number | Koha item type |
|---|---|---|---|---|---|---|---|---|---|---|---|---|---|---|
| Dewey Decimal Classification | Non-fiction | Biblioteca Pública José María del Castillo y Rada | Biblioteca Pública José María del Castillo y Rada | 12/01/2015 | Donación | 658.5 / J656m | 430000767 | 05/16/2024 | Ej.1 | Books |